Problemas em Condomn̕ios

Detalles Bibliográficos
Autor principal: Citti de Lauro, Daphnis
Formato: eBook
Lenguaje:portugués
Publicado: San Pablo: Editora Mundo Jurd̕ico, 2018
Materias:
Acceso en línea:Acceso restringido

MARC

LEADER 00000nam a22000007a 4500
005 20190910215549.0
007 cr|||| ||||
008 190910s2018 br |||||s|||| 00||0 por d
020 |a 978-85-8085-112-0 
035 |a 30223 
040 |a vLex 
090 |c 9453  |d 9453 
100 1 |a Citti de Lauro, Daphnis 
245 1 0 |a Problemas em Condomn̕ios  |h [Recurso electrn̤ico] /  |c Daphnis Citti de Lauro 
256 |a Servicio en ln̕ea 
260 |a San Pablo:  |b Editora Mundo Jurd̕ico,  |c 2018 
300 |a 1 recurso electrn̤ico 
500 |a Viver em condomn̕io implica submeter-se a uma sřie de restriė̳s e obrigaė̳s. As normas da Convenȯ̂ e do Regulamento Interno devem ser cumpridas, bem como as decise̳s das assembleias que nem sempre agradam a todos. A convivn̊cia ̌difc̕il. É preciso uma boa dose de tolerńcia entre os moradores. O sn̕dico, por sua vez, representante legal do condomn̕io, precisa usar o bom senso, aplicar multas em determinados casos ou at ̌mesmo propor aė̳s judiciais, quando as tentativas de acordo ou a fase de dil̀ogo tiver sido encerrada, criando assim algumas inimizades. 
506 1 |a Disponible solo en los productos indicados  |d vLex Global  |d vLex Global (Academic Edition, excluding Law Schools)  |d vLex Global (U.S. Academic Edition, Law Schools)  |d vLex Global (U.S. Academic Edition, excluding Law Schools)  |d vLex Global (Academic Edition, Law Schools) 
650 0 4 |a Derecho Civil  |z Brasil 
740 0 |a vLex Libros (Servicio en ln̕ea) 
856 4 0 |u http://vlex.com/source/problemas-em-condominios-30223  |z Acceso restringido 
942 |c BOOK 
999 0 |a Civil Law